Housing and mortgage market forecasts:2005-2007 (Record no. 75747)
[ view plain ]
| 000 -LEADER | |
|---|---|
| fixed length control field | 01263cab a2200193 4500 |
| 001 - CONTROL NUMBER | |
| control field | L130634 |
| 008 - FIXED-LENGTH DATA ELEMENTS--GENERAL INFORMATION | |
| fixed length control field | 050819n2005 000 0 eng u |
| 035 ## - SYSTEM CONTROL NUMBER | |
| System control number | (Sirsi) u130634 |
| 041 ## - LANGUAGE CODE | |
| Language code of text/sound track or separate title | eng |
| 100 ## - MAIN ENTRY--PERSONAL NAME | |
| Personal name | Pannell, Bob |
| 245 ## - TITLE STATEMENT | |
| Title | Housing and mortgage market forecasts:2005-2007 |
| 260 ## - PUBLICATION, DISTRIBUTION, ETC. | |
| Date of publication, distribution, etc. | 2005 |
| 490 ## - SERIES STATEMENT | |
| Series statement | CML Market Commentary |
| Volume/sequential designation | August 2005, 1-7(7) |
| 520 ## - SUMMARY, ETC. | |
| Summary, etc. | Offers forecasts for the housing and mortgage market for the period 2005-07. Provides an economic overview and a detailed examination of housing and mortgage market prospects. Concludes that house price growth over the next two years is likely to be negligible, housing demand is unlikely to recover quickly given that affordability problems will only ease slowly and forecasts a reduction in mortgage lending although it will remain at relatively high levels. Table covers a forecast summary. Charts present house price growth annual percentage change, Inland Revenue transaction levels, gross and net lending and possessions |
| 590 ## - LOCAL NOTE (RLIN) | |
| Local note | IKA300805 |
| 690 ## - LOCAL SUBJECT ADDED ENTRY--TOPICAL TERM (OCLC, RLIN) | |
| Topical term or geographic name as entry element | PROPERTY-RESIDENTIAL PROPERTY-RESIDENTIAL PROPERTY MARKET |
| 856 ## - ELECTRONIC LOCATION AND ACCESS | |
| Uniform Resource Identifier | <a href="https://www.cml.org.uk/servlet/dycon/zt-cml/cml/live/en/cml/pub_research_hfonline">https://www.cml.org.uk/servlet/dycon/zt-cml/cml/live/en/cml/pub_research_hfonline</a> |
| Public note | View the item free of charge at www.cml.org.uk... |
| 942 ## - ADDED ENTRY ELEMENTS (KOHA) | |
| Suppress in OPAC | 0 |
| Withdrawn status | Lost status | Source of classification or shelving scheme | Damaged status | Not for loan | Home library | Current library | Shelving location | Date acquired | Total Checkouts | Full call number | Barcode | Date last seen | Copy number | Price effective from | Koha item type |
|---|---|---|---|---|---|---|---|---|---|---|---|---|---|---|---|
| Dewey Decimal Classification | Virtual | Virtual | Online | 19/08/2005 | ONLINE PUBLICATION | 130634-2001 | 06/08/2019 | 1 | 06/08/2019 | Journal article |